[Event "MPL National Senior Chess-ch 2022"]
[Site "Kanpur"]
[Date "2022.02.26"]
[Round "4.1"]
[White "Erigaisi Arjun"]
[Black "Ravi, Teja S."]
[Result "1-0"]
[WhiteElo "2633"]
[BlackElo "2469"]
[Annotator "TA"]
[PlyCount "85"]
[EventDate "2022.02.25"]
[EventCountry "IND"]
[SourceTitle "playchess.com"]
[Source "ChessBase"]
[SourceQuality "1"]

{[%evp 9,85,29,61,48,44,25,66,73,76,83,64,71,75,84,191,116,83,96,87,91,467,450,627,604,620,610,790,740,777,310,332,350,718,706,748,662,639,648,615,390,380,367,347,284,395,306,309,312,304,318,348,356,757,748,724,686,719,716,831,831,836,796,1606,1541,1310,1173,12823,12825,12831,12831,12831,12829,12831,12830,12833,12829,1762,741]} 1. e4 c6 2. d4 d5 3. e5 Bf5 4. h4 Qb6 5. Ne2 Bg4 {[#]} 6. h5 $146 {B12: Caro-Kann: Advance Variation.} ({Predecessor:} 6. Nbc3 h6 7. f3 Bd7 8. Be3 e6 9. Qd2 c5 10. dxc5 Bxc5 11. Bxc5 Qxc5 12. Nd4 Nc6 13. Nxc6 Bxc6 {½-½ (48) Potapov,P (2483)-Michalik,P (2540) Pardubice 2016}) 6... h6 7. Rh4 Bd7 (7... Bf5 $11) 8. c4 $14 {White is slightly better.} e6 9. Nbc3 {Active counter play!} dxc4 10. Ng3 $1 Qd8 11. Rf4 b5 {[#]} (11... Ne7 $16) 12. Nge4 (12. a4 $1 $18) 12... f5 $16 13. exf6 Nxf6 14. Qf3 {[%cal Rf4f6] Hoping for Rxf6.} Na6 $2 {[%mdl 8192] This move loses the game for Black.} (14... Be7 $16) 15. Rxf6 $18 (15. Nxf6+ gxf6 16. Rxf6 Nb4 $15) 15... gxf6 16. Nxf6+ {Pair of Knights!} Ke7 {[#]} 17. Bf4 $1 {[%cal Bc1f4,Bf4e5,Be5g7,Bg7h8,Bh8f6][%mdl 32]} Be8 (17... Qc8 18. Be5) 18. Be5 Bg7 19. Nfd5+ $2 cxd5 20. Bxg7 Qa5 $2 (20... Bxh5 21. Qxh5 Rh7) 21. Bxh8 b4 22. Bf6+ Kd7 23. Nd1 b3+ 24. Qc3 Nb4 {White must now prevent ...Nc2+.} 25. Ne3 Bxh5 26. a3 ({Less strong is} 26. g4 Bxg4 27. Kd2 h5 $16) 26... Rb8 27. Rc1 {To avoid Nc2+} Nc2+ 28. Kd2 $1 (28. Nxc2 Qxc3+ 29. bxc3 Bg6 $16) 28... Qxc3+ 29. Kxc3 {Chess con chili.} Rf8 {And now ...Nxe3 would win.} 30. Be5 ({Not} 30. Nxc2 Rxf6 31. Ne3 Rxf2 $16) 30... Nxa3 (30... Nxe3 31. fxe3 Bg4) 31. bxa3 {White is clearly winning.} Rxf2 {[#]} 32. Nxc4 $1 dxc4 (32... Rxf1 33. Nb6+) 33. Bxc4 b2 34. Rb1 Rxg2 35. Rxb2 Rxb2 36. Kxb2 Bf3 37. Kc3 h5 38. Bg3 Ke7 39. Kd2 Kd7 40. Bb5+ Kc8 41. Ke3 Bg4 42. Bc6 Bf5 43. Bf3 {Weighted Error Value: White=0.37/Black=0.64} 1-0

[Event "MPL National Senior Chess-ch 2022"]
[Site "Kanpur"]
[Date "2022.02.26"]
[Round "4.2"]
[White "Harsha Bharathakoti"]
[Black "Gupta, Abhijeet"]
[Result "1/2-1/2"]
[WhiteElo "2499"]
[BlackElo "2628"]
[Annotator "TA"]
[PlyCount "61"]
[EventDate "2022.02.25"]
[EventCountry "IND"]
[SourceTitle "playchess.com"]
[Source "ChessBase"]
[SourceQuality "1"]

{[%evp 17,61,10,7,9,0,0,8,0,12,8,22,21,51,42,52,61,58,62,98,87,124,97,146,154,147,134,131,122,112,113,125,75,91,73,91,85,83,86,110,111,114,0,0,0,108,0]} 1. d4 Nf6 2. c4 g6 3. Nc3 d5 4. cxd5 Nxd5 5. e4 Nxc3 6. bxc3 Bg7 7. Nf3 c5 8. h3 O-O 9. Be2 b6 10. Be3 {D85: Exchange Grünfeld: Unusual White 7th moves and lines with 7 Nf3.} Bb7 11. Qd3 e6 12. O-O {[#] The position is equal.} Qc7 $146 ({Predecessor:} 12... Nd7 13. Bg5 Qc7 14. Qe3 Rae8 15. Rad1 Qc6 16. Bd3 Qa4 17. Bh6 f5 18. Bxg7 Kxg7 {½-½ (40) Sakaev,K (2596)-Hansen,E (2606) Moscow 2019}) 13. Rac1 Rd8 14. Bg5 Rd7 15. Qe3 $1 Nc6 16. Rfd1 Re8 17. h4 {[%cal Bh3h4,Bh4h5][%mdl 32]} a6 18. a4 {[%cal Oh4h5]} Na5 19. h5 f6 (19... Qc6 $142) 20. Bf4 $16 Qc6 21. hxg6 hxg6 22. e5 g5 {And now ...cxd4 would win.} (22... Qxa4 $2 23. exf6 Bxf6 24. Ne5 cxd4 25. cxd4 $18) 23. Bg3 g4 24. exf6 Bxf6 {[#]} (24... gxf3 $2 25. Bxf3 Qc8 26. fxg7 $18) 25. Qf4 {[%csl LRf6,LRg4]} Rf8 (25... gxf3 $2 26. Bxf3 Qc8 27. Bxb7 (27. Qxf6 Qd8 $18) 27... Rxb7 28. Qxf6 $18) 26. Qxg4+ Rg7 27. Qh5 Rh7 28. Qg6+ Rg7 29. Qh5 {White is more active.} Rh7 $1 30. Qg6+ Rg7 31. Qh5 {Weighted Error Value: White=0.11 (very precise) /Black=0.09 (flawless)} ({Better is} 31. Qh6 $16) 1/2-1/2

[Event "MPL National Senior Chess-ch 2022"]
[Site "Kanpur"]
[Date "2022.02.26"]
[Round "4.3"]
[White "Utsab Chatterjee"]
[Black "Gukesh D"]
[Result "0-1"]
[WhiteElo "2321"]
[BlackElo "2614"]
[Annotator "TA"]
[PlyCount "80"]
[EventDate "2022.02.25"]
[EventCountry "IND"]
[SourceTitle "playchess.com"]
[Source "ChessBase"]
[SourceQuality "1"]

{[%evp 21,80,-9,0,0,12,-19,-7,0,30,24,30,9,15,0,0,0,18,0,0,0,0,0,0,-66,-50,-44,-56,-27,-42,-42,0,0,-15,-25,0,-71,8,-10,0,-42,-14,-45,0,0,0,0,171,0,112,102,117,-779,-782,-734,-712,-1876,-1727,-29979,-29980,-29975,-5302]} 1. e4 e6 2. d4 d5 3. Nd2 c5 4. exd5 Qxd5 5. Ngf3 cxd4 6. Bc4 Qd6 7. O-O Nf6 8. Nb3 Nc6 9. Nbxd4 Nxd4 10. Nxd4 a6 11. a4 Bd7 {[%cal Bc8d7,Bd7c6,Bc6e4,Be4g6,Bg6h5][%mdl 32]} 12. b3 {C07: French Tarrasch: 3...c5, 4 Ngf3 and 4 exd5 Qxd5.} Qc7 $1 13. Bb2 Bd6 14. h3 {The position is equal.} O-O-O 15. Qe2 Rhe8 {[#]} 16. Nf3 $146 ({Predecessor:} 16. Rfd1 h6 17. Kh1 e5 18. Nf3 Bc6 19. Rd2 e4 20. Nd4 e3 21. fxe3 Ne4 22. Qg4+ {0-1 (39) Lushnikov,E (2015)-Vavulin,M (2149) Moscow 2010}) 16... Bc6 17. Ne5 {[%cal Oc4b5]} Be4 18. Nf3 {Hoping for Bxf6.} e5 19. Rfd1 Kb8 20. Bc3 h6 21. Bb2 Rd7 22. Nd2 (22. Qe3 $11) 22... Bg6 $1 $15 {Black is more active.} (22... Bxc2 $2 23. Rdc1 $18) 23. Nf1 Bh5 $1 24. g4 Bg6 25. Ne3 Bc5 (25... h5 $5 {[%cal Rh5g4]}) 26. Rxd7 Qxd7 27. Rd1 Qc6 28. Kh2 (28. Bd5 $11 {keeps the balance.} Nxd5 29. Nxd5) 28... Ka7 (28... Be4 $17 {And now ...Bf3 would win.} 29. Kg3 (29. Bxf7 Rf8 $15) 29... Bg6) 29. Nd5 (29. Bd5 $5 Nxd5 30. Nxd5 $11) 29... Be4 {[%cal Re4d5]} 30. Nxf6 (30. Bb5 $11 {is superior.} axb5 31. axb5) 30... gxf6 (30... Bf3 31. Bd5 $1 Bxe2 32. Bxc6 Bxd1 33. Bxe8 $14) 31. Kg3 {[%cal Oc4b5] Inhibits Bf3.} ({Avoid the trap} 31. Bxf7 $2 Re7 32. b4 Bf3 $1 $17) 31... f5 (31... Bh1 $15 {deserves consideration.} 32. f3 e4 $1 33. Rxh1 exf3) 32. f3 $11 f4+ $1 33. Kg2 f5 (33... Bg6 $11 {and Black is okay.}) 34. Bc3 $2 (34. fxe4 $18 fxe4 35. Kh1) 34... Re7 (34... Qg6 $1 $11 35. fxe4 fxe4) 35. Be1 $36 {[%mdl 2048] White is really pushing.} Rg7 36. Rd2 $2 {[%mdl 8192] [#] Loses the game.} (36. fxe4 $16 fxe4 37. Kh2) 36... h5 $1 $19 {...hxg4 is the strong threat.} 37. fxe4 hxg4 {White must now prevent ...f3+.} 38. hxg4 fxe4 39. Bd5 f3+ 40. Kg3 {[#]} Rxg4+ $1 {[%mdl 576] Decoy.  Weighted Error Value: White=0.75/Black=0.25 (precise)} 0-1

[Event "MPL National Senior Chess-ch 2022"]
[Site "Kanpur"]
[Date "2022.02.26"]
[Round "4.4"]
[White "Anustoop Biswas"]
[Black "Aryan Chopra"]
[Result "0-1"]
[WhiteElo "2126"]
[BlackElo "2585"]
[Annotator "TA"]
[PlyCount "54"]
[EventDate "2022.02.25"]
[EventCountry "IND"]
[SourceTitle "playchess.com"]
[Source "ChessBase"]
[SourceQuality "1"]

{[%evp 11,54,-1,10,-13,-19,-19,-20,-17,-14,-15,-21,-28,-9,-30,-35,-60,-62,-55,-49,-49,-52,-57,-41,-39,-27,-30,-11,-74,-70,-92,-91,-80,-80,-83,-88,-157,-116,-138,-121,-133,-130,-1146,-1116,-1069,-1038]} 1. e4 c5 2. Nc3 d6 3. f4 g6 4. Nf3 Bg7 5. Bb5+ Bd7 6. Bxd7+ Qxd7 7. d3 {B23: Closed Sicilian: Lines without g3.} Nc6 8. h3 e6 {[#]} 9. Be3 $146 {The position is equal.} ({Predecessor:} 9. g4 Nge7 10. Be3 Nd4 11. Bxd4 Bxd4 12. Nxd4 cxd4 13. Ne2 Qa4 14. b3 Qb4+ 15. Qd2 Qxd2+ 16. Kxd2 {½-½ (47) Balabanov,V-Bidkova,V Kiev 2004}) 9... Nge7 10. O-O O-O 11. Qe1 b6 12. Rb1 d5 {Hoping for ...d4.} 13. Bd2 Nd4 14. Nxd4 cxd4 15. Ne2 dxe4 16. dxe4 Qa4 17. c3 Nc6 18. cxd4 Nxd4 (18... Rfd8 {looks sharper.} 19. Be3 Nxd4 20. Nc3 Qc4 21. Rc1 Nc6) 19. Nxd4 (19. Nc3 $1 $11 {remains equal.} Qa6 20. e5) 19... Bxd4+ $17 20. Kh1 Qxa2 21. f5 exf5 22. exf5 Rfe8 $36 {[%cal Bf8e8,Be8e2,Be2g2,Bg2f2][%mdl 2080] Keeping White busy.} ({Don't take} 22... Bxb2 23. Bb4 Bd4 24. Bxf8 Rxf8 25. Qe4 $16) 23. Qh4 (23. Qd1 $142) 23... Qd5 (23... Bxb2 $142 24. Bg5 Be5) 24. Bg5 Re2 {[%csl Ge2][%cal Rd5g2]} 25. Rf3 Rae8 {And now ...R8e4 would win. Black is much more active.} 26. Rd1 $2 {[%mdl 8192] [#]} (26. fxg6 $17 hxg6 27. Bf6 Bxf6 28. Qxf6) 26... Rxg2 $3 $19 {[%mdl 512]} 27. Qf4 Rf2 {Weighted Error Value: White=0.50/Black=0.06 (flawless)} 0-1

[Event "MPL National Senior Chess-ch 2022"]
[Site "Kanpur"]
[Date "2022.02.26"]
[Round "4.5"]
[White "Srijit Paul"]
[Black "Adhiban, B.."]
[Result "0-1"]
[WhiteElo "2419"]
[BlackElo "2648"]
[Annotator "TA"]
[PlyCount "28"]
[EventDate "2022.02.25"]
[EventCountry "IND"]
[SourceTitle "playchess.com"]
[Source "ChessBase"]
[SourceQuality "1"]

{[%evp 16,28,21,25,52,-4,-2,0,-9,-88,-96,-140,-115,-708,-661]} 1. e4 e5 2. Nf3 Nc6 3. Bb5 {[%cal Bf1b5,Bb5a4,Ba4b3][%mdl 32]} a6 4. Ba4 Nf6 5. O-O Bc5 6. c3 b5 7. Bb3 d6 8. d4 Bb6 9. a4 {[#] Strongly threatening axb5.} Bg4 {C78: Ruy Lopez: Archangelsk and Möller Defences.} 10. d5 (10. h3 $14 Bxf3 11. Qxf3) 10... Ne7 $1 $11 11. Re1 O-O 12. Qd3 (12. h3 $11 Bd7 13. Qd3) 12... Nd7 $17 {Threatens to win with ...Nc5.} 13. Nbd2 {[#]} (13. Be3 $142) 13... f5 $146 {And now ...Nc5 would win.} ({Predecessor:} 13... Nc5 14. Qc2 Ng6 15. h3 Bd7 16. a5 Ba7 17. Nf1 f5 18. Ng3 fxe4 19. Nxe4 Bf5 {0-1 (33) Perez Vazquez,D-Leon Romero,I (1806) Havana 2018}) 14. Ng5 $2 {[%mdl 8192] [#]} ({Much weaker is} 14. axb5 Nc5 15. Qc2 Bxf3 16. Nxf3 fxe4 17. Rxe4 Nxe4 18. Qxe4 axb5 $19) (14. Qb1 $17) 14... Bxf2+ $1 {[%mdl 512] White got outplayed after the opening.  Weighted Error Value: White=1.24/Black=0.11 (very precise)} 0-1

[Event "MPL National Senior Chess-ch 2022"]
[Site "Kanpur"]
[Date "2022.02.26"]
[Round "4.6"]
[White "Karthikeyan, Murali"]
[Black "Vignesh N R"]
[Result "1/2-1/2"]
[WhiteElo "2622"]
[BlackElo "2444"]
[Annotator "TA"]
[PlyCount "64"]
[EventDate "2022.02.25"]
[EventCountry "IND"]
[SourceTitle "playchess.com"]
[Source "ChessBase"]
[SourceQuality "1"]

{[%evp 10,64,20,11,12,25,20,10,39,13,40,16,40,51,49,39,45,38,39,34,43,37,41,41,41,33,33,8,14,0,0,0,0,0,0,0,0,0,0,0,0,-9,-2,-16,-15,-17,-8,-22,-9,-12,-8,-29,0,-39,-34,-36,0]} 1. Nf3 d5 2. d4 Nf6 3. Bf4 e6 4. e3 Bd6 5. Bxd6 Qxd6 6. c4 O-O {D02: 1 d4 d5 2 Nf3 sidelines, including 2...Nf6 3 g3 and 2...Nf6 3 Bf4.} 7. Be2 c5 8. cxd5 exd5 {The position is equal.} 9. O-O Nc6 10. Nc3 {[#]} Bg4 $146 ({Predecessor:} 10... c4 11. Rc1 Rb8 12. b3 b5 13. bxc4 bxc4 14. Nd2 Re8 15. e4 Nxd4 16. exd5 Nxe2+ 17. Nxe2 Qxd5 {½-½ (33) Orian,N (1658)-Reprun,N (1968) Jerusalem 2021}) 11. dxc5 Qxc5 12. Nd4 Bxe2 13. Ncxe2 Rac8 14. Rc1 Qb6 15. Rc2 Nxd4 16. Nxd4 Rc7 17. Ne2 Rfc8 18. Rd2 g6 19. Nc3 Rc4 20. h3 Kg7 21. Qe2 d4 22. exd4 Rxd4 23. Rxd4 Qxd4 24. Rd1 {[%cal Bf1d1,Bd1d2,Bd2e2][%mdl 32]} Qc5 25. a4 a6 26. Qf3 Rc6 {[%cal Bc8c6,Bc6b6,Bb6b4][%mdl 32]} 27. g3 h5 28. Kg2 Rb6 29. Rd2 Rb4 30. Re2 Qb6 31. Nd5 Nxd5 32. Qxd5 Qc6 {Weighted Error Value: White=0.08 (flawless) /Black=0.05 (flawless)} 1/2-1/2

[Event "MPL National Senior Chess-ch 2022"]
[Site "Kanpur"]
[Date "2022.02.26"]
[Round "4.7"]
[White "Koustav Chatterjee"]
[Black "Sethuraman, S.P."]
[Result "1-0"]
[WhiteElo "2466"]
[BlackElo "2619"]
[Annotator "TA"]
[PlyCount "116"]
[EventDate "2022.02.25"]
[EventCountry "IND"]
[SourceTitle "playchess.com"]
[Source "ChessBase"]
[SourceQuality "1"]

{[%evp 9,116,12,9,14,6,0,0,0,0,0,0,0,0,-10,-5,-14,0,-14,-2,-17,-19,-18,-18,-24,-15,-16,-10,-24,-22,-26,-20,-27,-16,-44,-8,-58,-58,-60,-44,-25,0,-8,-9,-24,0,0,0,0,0,-1,0,0,0,0,0,0,0,0,0,0,0,0,0,0,21,0,13,0,15,0,27,18,22,2,28,0,6,0,35,0,10,3,47,0,24,0,0,0,33,-9,70,64,159,124,160,139,206,185,291,276,249,148,860,843,1512,194,198,168,221]} 1. Nf3 d5 2. e3 Nf6 3. c4 e6 4. Nc3 a6 5. b3 b6 6. Bb2 {A17: English Opening: 1...Nf6 with ...Bb4.} Bb7 7. Be2 Nbd7 8. O-O {The position is equal.} Bd6 9. d4 O-O 10. Qc2 Qe7 11. Rad1 Rfe8 12. Rfe1 Rac8 {[#]} 13. cxd5 $146 ({Predecessor:} 13. Qb1 h6 14. Bf1 Bb4 15. cxd5 exd5 16. Qa1 Bd6 17. Ne2 Ne4 18. Ng3 Qe6 19. Qb1 {1-0 (44) Urazayev,A (2429)-Smirnov,P (2544) Europe Echecs INT 2021}) 13... exd5 14. Bd3 Ne4 15. Qe2 Ra8 16. Rc1 f5 17. Nd2 Qf7 18. f3 Nxd2 19. Qxd2 Qh5 20. f4 Re7 (20... Bb4 {feels hotter.} 21. Qe2) 21. Ne2 {Strongly threatening Ng3.} Qf7 22. Ng3 ({White should play} 22. Kh1 $1 $11) 22... g6 $15 23. h3 Rae8 24. Nf1 {[%cal Bg3f1,Bf1h2,Bh2f3,Bf3e5][%mdl 32]} Re6 25. Nh2 Qe7 {[%cal Od6f4] Threatens to win with ...Bxf4!} 26. Kf2 $1 Qh4+ 27. Kg1 Qe7 {[%cal Od6f4]} 28. Kf2 $1 Nf6 {[%cal Og6g5]} 29. Nf3 Ne4+ 30. Bxe4 fxe4 ({Don't play} 30... Rxe4 31. Ng5 $14) 31. Ne5 Rf6 32. Kg1 a5 33. Qe2 Ra8 34. a4 Ba6 35. Qg4 Bc8 36. Qg5 {Ng4 is the strong threat.} Re6 37. Qg3 Rf6 38. Qg5 {And now Ng4 would win.} Re6 39. Qg3 Kh8 40. Rc2 Ba6 41. Rec1 {[%cal Of4f5]} Rf8 42. Bc3 Ba3 43. Bb2 Bd6 44. Bc3 Bd3 45. Rd2 Bxe5 (45... Ba6 $11) 46. dxe5 (46. fxe5 $14 Rc6 47. Kh2) 46... c5 47. Kh2 Qd7 48. Qf2 Kg8 49. Rg1 (49. g4 $14) 49... Ree8 (49... Re7 $11) 50. g4 $14 Rd8 ({Better is} 50... Qc7 $14) 51. Bb2 d4 52. f5 $1 Qd5 (52... Rfe8 $16 {was worth a try.}) 53. Qg3 $1 $18 Rfe8 (53... Qxb3 $2 54. e6 Qb4 55. Rdg2 Qxa4 56. e7 $18) (53... Rd7 $142 54. e6 Ra7 55. exd4 cxd4) 54. e6 Qd6 55. Rf2 (55. exd4 $1 $18 {aiming for Qxd6.} cxd4 56. Rc1) 55... dxe3 $2 {[%mdl 8192] [#] This move loses the game for Black.} (55... Qxg3+ $16 56. Rxg3 Ba6) 56. Be5 $1 Qd5 {[#]} (56... exf2 57. Bxd6) 57. Rfg2 $2 (57. fxg6 $1 hxg6 58. Rf7) 57... e2 {[%cal Oe4e3]} 58. Qf4 {[%mdl 1024] White has strong compensation.} Re7 {Weighted Error Value: White=0.18 (very precise) /Black=0.17 (very precise)} (58... Ra8 {keeps fighting.}) 1-0

[Event "MPL National Senior Chess-ch 2022"]
[Site "Kanpur"]
[Date "2022.02.26"]
[Round "4.8"]
[White "Puranik, Abhimanyu"]
[Black "Laxman, R.R."]
[Result "1/2-1/2"]
[WhiteElo "2618"]
[BlackElo "2429"]
[Annotator "TA"]
[PlyCount "103"]
[EventDate "2022.02.25"]
[EventCountry "IND"]
[SourceTitle "playchess.com"]
[Source "ChessBase"]
[SourceQuality "1"]

{[%evp 9,103,18,20,10,7,6,6,2,4,12,23,0,6,7,45,4,64,60,60,75,83,88,88,88,91,94,101,67,74,70,91,94,97,70,75,70,74,34,31,30,42,31,26,19,26,0,0,0,0,0,0,0,0,0,35,22,55,24,66,38,100,14,15,16,22,0,0,0,0,0,0,0,0,0,0,-27,-20,-76,0,0,0,0,0,0,0,0,0,0,0,0,0,0,0,0,0,5]} 1. e4 e5 2. Nf3 Nc6 3. Bb5 Nf6 4. d3 Bc5 5. Bxc6 dxc6 6. Nbd2 {C65: Ruy Lopez: Berlin Defence (3...Nf6), unusual lines and 4 0-0 Bc5.} Nd7 7. Nc4 O-O 8. O-O Re8 9. Bd2 Bd6 {has lost popularity (9...f6).} 10. Bc3 c5 11. a4 b6 {[#]} 12. b3 $146 (12. g3 $14) ({Predecessor:} 12. g3 f6 13. Nh4 Nb8 14. f4 Nc6 15. Qh5 Be6 16. fxe5 Bf7 17. Qg4 Bxe5 18. Nf5 {1-0 (67) Alekseenko,K (2539)-Sakaev,K (2594) St Petersburg 2015}) 12... a5 (12... f6 $11) 13. g3 $14 Bb7 14. Nh4 g6 {Prevents Nf5.} 15. Qd2 Be7 {[#]} 16. Ng2 {White is more active.} Bf6 17. Rae1 Qe7 18. Qc1 Bg7 19. f4 exf4 20. Bxg7 Kxg7 21. Rxf4 f6 22. Ref1 Rf8 23. Nh4 Ne5 24. Nxe5 Qxe5 25. Nf3 Qe7 26. Qa1 Rae8 27. h4 {[%cal Oh4h5]} (27. g4 {feels hotter.} h6 28. Nh4 Bc8 29. h3 Qd6 30. Kh1) 27... Kg8 28. Qc1 Qd7 29. g4 c4 30. bxc4 Qxa4 31. Nh2 Qc6 32. Qa3 Qd7 33. Qa1 (33. g5 $5 {[%cal Rg5f6]}) 33... Qd6 (33... Qe7 $1 $11) 34. Kg2 $1 {[%cal Rf4f6]} Qe5 (34... Bc8 $14) 35. Qxe5 (35. Rxf6 $16 {White wants to mate with Qxe5.} Rxf6 36. Qxe5 Rxe5 37. Rxf6) 35... fxe5 $11 36. Rxf8+ Rxf8 $16 {[%mdl 4096] Endgame KRB-KRN} 37. Ra1 {[%cal Oc4c5]} Bc6 38. Nf3 Re8 39. c5 a4 40. cxb6 cxb6 41. Kf2 b5 42. c3 {[%cal Bc2c3,Bc3c4][%mdl 32]} Bd7 43. g5 {[#]} (43. Rg1 $1 $11 {keeps the balance.}) 43... Bg4 (43... Kf7 $1 $17) 44. Nd2 $11 {The position is equal.} Rc8 45. c4 Bd7 46. Rb1 a3 {[%cal Ba4a3,Ba3a2][%mdl 32]} 47. cxb5 a2 {Threatens to win with ...Rc2.} 48. Ra1 Rc2 ({Resist} 48... Bxb5 49. Rxa2 Bxd3 50. Ra5 $16) 49. Ke3 {And now b6 would win.} Bxb5 {Hoping for ...Kf7.} 50. Nf3 Ba4 51. Nxe5 Bb3 {White must now prevent ...Rb2.} 52. Nf3 {Weighted Error Value: White=0.11 (very precise) /Black=0.11 (very precise)} 1/2-1/2

[Event "MPL National Senior Chess-ch 2022"]
[Site "Kanpur"]
[Date "2022.02.26"]
[Round "4.9"]
[White "Aravindh, Chithambaram VR."]
[Black "Gusain, Himal"]
[Result "1/2-1/2"]
[WhiteElo "2611"]
[BlackElo "2408"]
[Annotator "TA"]
[PlyCount "60"]
[EventDate "2022.02.25"]
[EventCountry "IND"]
[SourceTitle "playchess.com"]
[Source "ChessBase"]
[SourceQuality "1"]

{[%evp 9,60,16,25,0,24,9,10,8,1,16,40,45,53,26,27,29,21,21,24,17,27,7,13,0,31,23,37,33,48,27,25,7,2,-6,-15,-11,-12,-15,-10,-20,0,-5,-15,-12,-12,-12,-13,-12,-11,-16,-14,-20,-31]} 1. d4 d5 2. c4 e6 3. Nc3 Be7 4. Nf3 Nf6 5. Bf4 O-O 6. a3 {D37: Queen's Gambit Declined: 5 Bf4.} Nbd7 7. Nb5 Ne8 8. e3 a6 9. Nc3 Nef6 10. c5 Ne4 11. Nxe4 dxe4 12. Ne5 Nxe5 13. Bxe5 Bd7 14. Bc4 Bc6 {[#]} 15. Qg4 $146 {[%csl Ge5][%cal Rg4g7] [#]} ({Predecessor:} 15. Qb3 Qd7 16. h4 Rae8 17. Qc3 Bd5 18. Rc1 c6 19. Be2 f6 20. Bf4 Bd8 21. Bh5 g6 22. Bg4 Bc7 23. g3 {0-1 (69) Kozak,M (2230)-Friml,A (2170) Czech Republic 2005}) 15... Bf6 16. Bf4 Rc8 (16... Qe7 $5 {[%cal Re6e5]}) 17. O-O Bd5 (17... Qe7 {with more complications.} 18. b4 Rcd8 19. Rad1 Ba4 20. Rb1 Bc6) 18. Rfc1 Re8 19. Bxd5 Qxd5 20. c6 b6 {The position is equal.} 21. b4 h5 22. Qe2 g5 23. Be5 Bxe5 24. dxe5 h4 25. Qxa6 Qxe5 26. a4 Ra8 27. Qc4 Red8 28. a5 bxa5 29. bxa5 Rxa5 30. Rxa5 Qxa5 {Weighted Error Value: White=0.08 (flawless) /Black=0.06 (flawless)} 1/2-1/2

[Event "MPL National Senior Chess-ch 2022"]
[Site "Kanpur"]
[Date "2022.02.26"]
[Round "4.10"]
[White "Lalith Babu M R"]
[Black "Shahil Dey"]
[Result "1-0"]
[WhiteElo "2563"]
[BlackElo "2400"]
[Annotator "TA"]
[PlyCount "105"]
[EventDate "2022.02.25"]
[EventCountry "IND"]
[SourceTitle "playchess.com"]
[Source "ChessBase"]
[SourceQuality "1"]

{[%evp 16,105,11,0,3,0,10,0,37,42,29,33,75,81,51,60,72,67,75,88,76,60,67,75,82,77,76,78,109,106,116,109,113,110,109,109,124,122,133,120,119,116,118,118,131,129,133,133,135,137,193,179,196,191,186,183,177,152,159,155,159,158,183,170,172,162,170,160,258,270,262,245,290,264,425,412,359,320,493,484,29984,29985,29985,29984,29986,29985,29988,203,29989,29990,29994,29995]} 1. d4 d5 2. Nf3 Nf6 3. c4 c6 4. Nc3 e6 5. Bg5 Be7 6. e3 h6 7. Bf4 O-O 8. Qc2 Nbd7 9. h3 c5 {[#] D61: Queen's Gambit Declined: Classical: 7 Qc2.} 10. dxc5 $146 ({Predecessor:} 10. cxd5 cxd4 11. exd4 Nxd5 12. Nxd5 exd5 13. Bd3 Bb4+ 14. Kf1 Nf6 15. g4 Ne4 16. a3 Ba5 17. Ne5 {0-1 (57) Vicente Torrecillas,F (2177)-Gil Lopez,P (2006) Totana 2003}) 10... Nxc5 11. Be2 Bd6 {The position is equal.} 12. Bxd6 Qxd6 13. Rd1 {[%cal Ba1d1,Bd1d5,Bd5d4][%mdl 32]} Nce4 {[#]} (13... b6 $14 {might be stronger.}) 14. Nxe4 $1 $16 Nxe4 15. cxd5 Qb4+ 16. Kf1 exd5 17. Rxd5 Nf6 18. Rd4 Qb6 19. Bc4 {White is more active.} Be6 20. Bxe6 Qxe6 21. Qb3 Qa6+ 22. Kg1 Rad8 23. Kh2 Rxd4 24. Nxd4 Ne4 25. Qc2 Qd6+ 26. g3 Re8 27. Rd1 Qd5 28. a3 Rd8 29. h4 Nf6 30. Rc1 {[%cal Bd1c1,Bc1c5,Bc5d5][%mdl 32]} a6 31. Kg1 Ne4 32. Qc7 Rd6 (32... Rd7 $16 {is a better defense.} 33. Qc4 Qxc4 34. Rxc4 g6) 33. f3 $18 Nf6 34. Rc5 Rd7 35. Qb8+ ({Resist} 35. Rxd5 Rxc7 36. Rd8+ Kh7) 35... Rd8 36. Rxd5 Rxb8 {[%mdl 4096] Endgame KRN-KRN} 37. Rc5 Rd8 38. Kf2 Rd7 39. Ke2 g6 40. g4 Nd5 41. Nc2 f5 (41... Kg7 $16 42. Ne1 Nc7) 42. gxf5 gxf5 43. f4 Kf7 44. Kf3 {And now Nd4 would win.} Kf6 $2 {[#]} (44... b6 {was worth a try.} 45. Rc6 Rc7 46. Rxc7+ Nxc7) 45. Nd4 Ne7 46. Re5 {Strongly threatening Re6+.} Kg6 (46... h5 {was necessary.} 47. Re6+ Kf7) 47. Re6+ Kh5 (47... Kh7 $18 48. h5 a5) 48. Ne2 Ng8 49. Ng3+ Kxh4 50. Nxf5+ Kh5 51. Ng3+ Kh4 52. Rg6 h5 53. Rxg8 {Black got outplayed after the opening.  Weighted Error Value: White=0.03 (flawless) /Black=0.38} 1-0